000
00385nam a2200133Ia 4500
008
151001s9999||||xx |||||||||||||| ||und||
100
_a
उदयकांत पाठक
245
_a
डाँ.सावपल्ली राधाकृष्णन
250
_a
1
260
_b
राष्ट्र भाषा
260
_c
2001
300
_a
160
365
_b
18
999
_c
978769
_d
978766